000 00432nam a2200169Ia 4500
003 GCL
008 140319s9999 xx 000 0 ara d
040 _aGCL /
_cGCL
082 0 4 _a214.3
_bس ن
100 1 _aسيد قطب
245 1 0 _aنحو مجتمع اسلامى /
_cسيد قطب
300 _a136 ص
490 _a100 قصة
_v0
650 0 4 _aالاسلام
650 0 4 _aالاسلام والمجتمع
942 _2ddc
_cBK
999 _c45039
_d45039